| 000 | 00756nam a2200157 a 4500 | ||
|---|---|---|---|
| 008 | 090223s1961 ||||||||||||||||| || u | ||
| 050 | _aGOV.ZAM(058)ITS/1961 | ||
| 110 | _aGovernment of the Republic of Zambia. Central Statistical Office | ||
| 245 | 1 | 0 |
_aFederation of Rhodesia and Nyasaland income tax statistics: income years 1953/54-1958/59: volume I, federation _cCompiled by Central Statistical Office (C.S.O.) |
| 260 |
_aSalisbury: _bCentral Statistical Office (CSO)-Zambia _c1961 |
||
| 300 | _a50p. | ||
| 350 | _a0.00 | ||
| 650 | _aINCOME TAX--ZAMBIA | ||
| 650 | _aSTATISTICS--ZAMBIA | ||
| 995 |
_D0.00 _FCBU-MAIN LIBRARY (Kitwe) _H1 _I0.00 _M1 _UAVAILABLE _WFeb 23, 2009 _ZZambiana Collection |
||
| 999 |
_c43201 _d43201 |
||